Trace elements in soils. (Record no. 27626)

MARC details
000 -LEADER
fixed length control field 00442nam a2200157Ia 4500
082 ## - DEWEY DECIMAL CLASSIFICATION NUMBER
Classification number 631.416.9
Item number AUB
100 ## - MAIN ENTRY--AUTHOR NAME
Personal name AUBERT, Huguette
245 #0 - TITLE STATEMENT
Title Trace elements in soils.
260 ## - PUBLICATION, DISTRIBUTION, ETC. (IMPRINT)
Place of publication Amsterdam
Name of publisher Elsevier
Year of publication 1977
490 ## - SERIES STATEMENT
Series statement Developments in soil science; 7
505 ## - FORMATTED CONTENTS NOTE
Formatted contents note Tr from the French by Zuckerman Cawrence
650 ## - SUBJECT ADDED ENTRY--TOPICAL TERM
Topical Term Soil trace elements
700 ## - ADDED ENTRY--PERSONAL NAME
Personal name PINTA, M
942 ## - ADDED ENTRY ELEMENTS (KOHA)
Koha item type Books
Holdings
Withdrawn status Lost status Damaged status Not for loan Home library Current library Date acquired Full call number Accession Number Koha item type
        RRII Library RRII Library 16/12/2021 631.416.9 AUB 08243 Books